000 00231nam a22000857a 4500
008 170207b xxu||||| |||| 00| 0 eng d
100 _92799
_aRohan books
245 _aFamous Stories of the Arabian Tales
260 _aNew Delhi
_bRohan
_c2012
999 _c6001
_d6001